|
|
|
|
| LEADER |
00917nam a2200313 4500 |
| 001 |
DLU030024743 |
| 005 |
##19941101142940.2 |
| 008 |
##940708s1994 caua b 001 0 eng |
| 010 |
# |
# |
|a 94025195
|
| 020 |
# |
# |
|a 0534200400
|
| 035 |
# |
# |
|9 (DLC) 94025195
|
| 040 |
# |
# |
|a DLC
|c DLC
|d DLC
|
| 050 |
# |
# |
|a BF724
|b .B25 1995
|
| 082 |
# |
# |
|a 155.5
|b BA-D
|
| 100 |
# |
# |
|a Balk, David E.,
|d 1943-
|
| 245 |
# |
# |
|a Adolescent development :
|b early through late adolescence /
|c David E. Balk.
|
| 260 |
# |
# |
|a Pacific Grove, [Calif.] :
|b Brooks/Cole Pub. Co.,
|c c1995.
|
| 300 |
# |
# |
|a xix, 619 p. :
|b ill. ;
|c 23 cm.
|
| 504 |
# |
# |
|a Includes bibliographical references (p. 563-597) and indexes.
|
| 650 |
# |
# |
|a Adolescent psychology.
|
| 992 |
# |
# |
|a 19140
|
| 994 |
# |
# |
|a DLU
|
| 900 |
# |
# |
|a True
|
| 911 |
# |
# |
|a Lê Thị Mạnh Xuân
|
| 925 |
# |
# |
|a G
|
| 926 |
# |
# |
|a A
|
| 927 |
# |
# |
|a SH
|
| 980 |
# |
# |
|a Thư viện Trường Đại học Đà Lạt
|